Diccionario básico de la arqueología egipcia

Salvato in:
Dettagli Bibliografici
Autori principali: Brodrick, M (Autore), Morton, A. A (Autore)
Natura: Libro
Lingua:spagnolo
Pubblicazione: Barcelona Obelisco 2001
Serie:Archivo de Símbolos
Soggetti:
Tags: Aggiungi Tag
Nessun Tag, puoi essere il primo ad aggiungerne!!

MARC

LEADER 00000nam a2200000 a 4500
001 UCN4410
003 CL-VaPUC
008 010803e20010000SP |||||||||||||||||spa|d
082 0 4 |a 930.03  |b BRO  |2 21 
100 0 |a Brodrick, M  |e author  |9 460784 
700 0 |a Morton, A. A  |e author  |9 460785 
245 1 0 |a Diccionario básico de la arqueología egipcia 
300 |a 198 p 
942 |c BK 
945 |d 20010803 00:00:00  |a cmena 
260 |a Barcelona  |b Obelisco  |c 2001 
650 0 |a Arqueología egipcia   |v Diccionarios   |9 460786 
650 7 |a JEROGLIFICOS  |2 CL-VaPUC  |9 265779 
583 |a last modification  |c 20010803 00:00:00  |k Rodrigo Vera 
490 0 |a Archivo de Símbolos 
999 |c 296655  |d 296653 
952 |0 0  |1 0  |4 0  |6 930_030000000000000_BRO_2001  |7 0  |8 X  |9 350663  |a BIBHIS  |b BIBHIS  |d 2019-11-20  |i 3740420  |o 930.03 BRO 2001  |p 3740420  |r 2024-01-30  |w 2019-11-20  |y BK_X  |k HIS